000 01784nam a2200469 c 4500
001 23292
003 ES-MaCES
005 20150929124733.0
008 100913s2010 sp d t o000 | spa d
017 _aM 27805-2010
_bDL
020 _a9788489116610
035 _aCES20100007502m
040 _aES-MaCES
_bspa
_cES-MaCES
100 1 _aFernández de Guevara, Juan
_911814
245 1 4 _aLas empresas del sector de la construcción e inmobiliario en España
_b: del "boom" a la recesión económica
_cBelén Gil de Albornoz (dir.) ; [autores], Juan Fernández de Guevara, Begoña Giner, Luis Martínez
260 _aMadrid
_bFundación de las Cajas de Ahorros (FUNCAS)
_c[2010]
300 _a231 p.
_bgráf. bl. y n.
_c24 cm
490 1 _aEstudios de la Fundación
_v48. Serie economía y sociedad
504 _aBibliografía
541 _cCompra
650 4 _aconstrucción
_930288
650 4 _aindustria de la construcción
_927730
650 4 _avivienda
_928598
650 4 _arentabilidad de la inversión
_928153
650 4 _acrisis económica
_927102
650 4 _apérdida financiera
_928136
650 4 _aanálisis económico
_927070
650 4 _aEspaña
_926964
650 4 _a1995-2009
_931974
650 4 _acuadros estadísticos
_928890
653 1 0 _aVivienda-Construcción-Urbanismo
650 4 _928178
_aempresa
650 4 _930761
_asector financiero
700 1 _aGiner, Begoña
_913434
700 1 _aMartínez, Luis
_917753
700 1 _aGil de Albornoz, Belén
_edir.
_913354
710 2 _aFundación de las Cajas de Ahorros
_eed.
_93800
830 0 _aEstudios de la Fundación de las Cajas de Ahorros
_pSerie Economía y sociedad
_v48
_934278
902 _aLIB Libro
942 _2CES
_cBK
_h5.2.
999 _c23292
_d23292